Joueurs de football par images - S - Statistiques

Statistiques générales
  • Ce quiz a été pris 1 454 fois
  • Le résultat moyen est 15 sur 20
Statistiques - réponses
Par images Réponse % Correct
Mohamed Salah
100%
Luis Suárez
99%
Heung-Min Son
96%
Bernardo Silva
93%
Bukayo Saka
92%
Leroy Sané
92%
Alexis Sánchez
88%
Jadon Sancho
85%
Brice Samba
83%
Milan Škriniar
73%
Xherdan Shaqiri
72%
Sócrates
70%
Paul Scholes
67%
Wesley Sneijder
67%
Bastian Schweinsteiger
66%
Clarence Seedorf
65%
Andriy Shevchenko
63%
Peter Schmeichel
62%
Willy Sagnol
49%
Davor Šuker
48%
Aucun quiz correspondant
Distribution des résultats
% des personnes avec chaque résultat
Percentile par nombre de réponses
Votre historique - résultats
Vous n’avez pas pris ce quiz